| 000 | 00547nam a2200193 u 4500 | ||
|---|---|---|---|
| 005 | 20210223131332.0 | ||
| 008 | 100705s2007 es r 000 0 spa d | ||
| 020 | _a9788496751279 | ||
| 035 | _aUPN01000177156 | ||
| 049 | _aI | ||
| 050 | 4 |
_aQB36 C6 _bC3.2 |
|
| 100 | 1 | _aCalzada, Gorka | |
| 245 | 1 | 0 |
_aCopérnico y el centro del universo / _cGorka Calzada. |
| 260 |
_aMadrid : _bEl Rompecabezas, _c2007. |
||
| 300 |
_a123 p. : _bil. col. |
||
| 440 | 0 |
_aSabelotod@s ; _v34 |
|
| 600 | 1 | 4 |
_aCOPERNICO, NICOLAS, _d1473-1543 _911076 |
| 905 | _aInfantil | ||
| 999 |
_c149259 _d149259 |
||